LEADER 01181nam0-2200337 --450 001 9911071323203321 005 20260330151040.0 010 $a88-422-0061-1 100 $a20260330d1987----kmuy0itay5050 ba 101 0 $aita 102 $aIT 105 $a 001yy 200 1 $aArte italiana$eAfro, Santomaso, Turcato, Vedova nella collezione della Banca commerciale italiana a Madrid$fprefazione di Antonio Fernández Alba$gtesto di Gillo Dorfles$gnota di Vittorio Corna$gschede critiche di Loredana Parmesani 210 $aTorino$cAllemandi$d1987 215 $a135 p.$cill.$d25x24 cm. 610 0 $aTurcato, Giulio$aOpere 610 0 $aVedova, Emilio$aOpere 610 0 $aSantomaso, Giuseppe$aOpere$aEsposizioni 610 0 $aBasaldella, Afro$aOpere$aMadrid 702 1$aDorfles,$bGillo 702 1$aParmesani,$bLoredana 702 1$aCorna,$bVittorio 702 1$aFernández Alba,$bAntonio 710 02$aBanca commerciale italiana$c$4070$0375079 801 0$aIT$bUNINA$gREICAT$2UNIMARC 901 $aBK 912 $a9911071323203321 952 $a709.04 BCI 01$b2026/758$fFLFBC 959 $aFLFBC 996 $aArte italiana$94557765 997 $aUNINA